Statystyki dla Puchar Świata w skokach narciarskich 2020/2021

Kliknij tutaj aby rozwiązać quiz!

Ogólne statystyki

  • Ten quiz został rozwiązany 319 razy
  • Średni wynik to 41 z 78

Statystyki odpowiedzi

MiejsceZawodnikKrajPunkty% Poprawnych
3.Kamil StochPolska955
99%
8.Dawid KubackiPolska786
96%
7.Piotr ŻyłaPolska825
96%
4.Ryōyū KobayashiJaponia919
92%
1.Halvor Egner GranerudNorwegia1572
90%
33.Junshirō KobayashiJaponia113
90%
22.Domen PrevcSłowenia241
85%
23.Peter PrevcSłowenia230
85%
17.Stefan KraftAustria429
85%
38.Cene PrevcSłowenia83
84%
6.Karl GeigerNiemcy826
84%
2.Markus EisenbichlerNiemcy1190
80%
5.Robert JohanssonNorwegia884
79%
16.Andrzej StękałaPolska473
78%
14.Daniel-André TandeNorwegia543
78%
9.Anže LanišekSłowenia775
74%
58.Maciej KotPolska17
71%
20.Keiichi SatōJaponia291
70%
10.Marius LindvikNorwegia612
70%
74.Stefan HulaPolska2
70%
11.Yukiya SatōJaponia581
70%
27.Jakub WolnyPolska195
69%
19.Johann André ForfangNorwegia338
68%
37.Antti AaltoFinlandia90
65%
40.Aleksander ZniszczołPolska81
63%
35.Evgeniy KlimovRosja110
62%
41.Simon AmmannSzwajcaria77
62%
46.Timi ZajcSłowenia60
62%
12.Daniel HuberAustria561
61%
31.Klemens MurańkaPolska141
61%
45.Paweł WąsekPolska62
61%
32.Mackenzie Boyd-ClowesKanada115
59%
43.Artti AigroEstonia63
58%
26.Gregor DeschwandenSzwajcaria206
58%
15.Pius PaschkeNiemcy514
55%
76.Tomasz PilchPolska1
55%
65.Giovanni BresadolaWłochy8
54%
18.Michael HayböckAustria347
54%
76.Alex InsamWłochy1
53%
55.Daiki ItōJaponia21
53%
56.Vladimir ZografskiBułgaria19
52%
30.Constantin SchmidNiemcy151
51%
29.Severin FreundNiemcy160
51%
13.Bor PavlovčičSłowenia559
50%
39.Jan HörlAustria82
50%
34.Naoki NakamuraJaponia111
50%
49.Manuel FettnerAustria50
47%
50.Niko KytösahoFinlandia47
45%
69.Richard FreitagNiemcy4
45%
54.Dominik PeterSzwajcaria25
44%
25.Žiga JelarSłowenia207
44%
62.Lovro KosSłowenia14
43%
21.Philipp AschenwaldAustria265
42%
69.Viktor PolášekCzechy4
42%
76.Matthew SoukupKanada1
41%
74.Čestmír KožíšekCzechy2
39%
28.Mikhail NazarovRosja176
39%
56.Roman Sergeevich TrofimovRosja19
35%
51.Anže SemeničSłowenia30
34%
71.Casey LarsonStany Zjednoczone3
32%
65.Gregor SchlierenzauerAustria8
32%
51.Daniel TschofenigAustria30
30%
24.Martin HamannNiemcy216
30%
47.Tilen BartolSłowenia58
30%
67.Danil SadreevRosja6
28%
71.Jarkko MäättäFinlandia3
25%
68.Denis KornilovRosja5
24%
53.Clemens LeitnerAustria27
23%
36.Thomas LacknerAustria93
22%
48.Anders HåreNorwegia52
20%
42.Markus SchiffnerAustria76
20%
60.Thomas Aasen MarkengNorwegia15
20%
58.Ulrich WohlgenanntAustria17
20%
43.Sander Vossan EriksenNorwegia63
18%
64.Timon-Pascal KahoferAustria9
18%
60.Maximilian SteinerAustria15
14%
63.David HaagenAustria13
12%
71.Jernej PresečnikSłowenia3
12%

Rozkład punktacji

Percentyl według liczby udzielonych odpowiedzi

Procent ludzi z każdym wynikiem

Twoja historia wyników

Nie rozwiązałeś tego quizu